| 000 | 00618nam a2200169Ia 4500 | ||
|---|---|---|---|
| 008 | 090201s9999 xx 000 0 und d | ||
| 010 | _aKPL-9684 | ||
| 040 | _bमराठी | ||
| 041 | _aमराठी | ||
| 082 |
_a43696 _b9684 |
||
| 100 | _aसुमति क्षेत्रमाडे | ||
| 245 |
_aश्रावणधारा _cसुमति क्षेत्रमाडे |
||
| 260 |
_c2005 _bजोशी ब्रदर्स बुकसेलर्स अँड पब्लिकेशन |
||
| 300 |
_a137 _bमोठा |
||
| 600 | _aश्रावणधारा | ||
| 942 | _cBOOK | ||
| 999 |
_c240735 _d240735 |
||